000 00291nam a2200121Ia 4500
008 190216s9999||||xx |||||||||||||| ||und||
100 _aLee G A
245 0 _aModern Financial Accounting
260 _bEnglish Language Book Society
_c1993
300 _a576p
650 _aCommerce
942 _cBK
999 _c5406
_d5406